000 00282nam a2200121Ia 4500
008 191201s2019 xx 000 0 und d
100 _aJAIN, Anil k
245 0 _aFundamental of digital image
260 _bPearson
_c2019
300 _a569
650 _aB.Tech(ECE)
942 _2ddc
_cBK
999 _c7064
_d7064